| 000 | 01157nam a2200229 a 4500 | ||
|---|---|---|---|
| 001 | BRCA_6395 | ||
| 005 | 20190320205434.0 | ||
| 008 | 030911s1903----au-#######---#000-0#ger-# | ||
| 050 | 4 |
_aF1233 _b.S34 1903 |
|
| 100 | 1 |
_aRitter von Tavera, Ernst Schmit _915994 |
|
| 245 | 1 | 0 |
_aGeschichte der Regierung des Kaisers Maximilian I. und die Französische Intervention in Mexiko, 1861-1867 _cvon Ernst Schmit Ritter von Tavera. |
| 260 |
_aViena _bWilhelm Braumüller _c1903 |
||
| 300 |
_a2 v. _bil. 1 mapa plegable a color en v.1 _c25 cm. |
||
| 500 | _aLa biblioteca cuenta con 2 ejemplares de cada volumen | ||
| 500 | _aEstado físico: v.1-ej.1. (sin lomo y cubierta posterior), v.1-ej.2 (sin cubierta anterior). v.2-ej.1 (le falta la mitad del lomo), v.2-ej.2 (sin lomo y cubierta anterior). En general los 4 ejemplares presentan encuadernación muy deteriorada. | ||
| 500 | _aIncluye lista de literatura del imperialismo en México e índice alfabético (v.2) | ||
| 500 | _aCDE3 | ||
| 600 | 1 | 4 |
_aMaximiliano _cEmperador de México _d1861-1867 _915995 |
| 651 | 4 |
_aMéxico _xIntervención Europea _y1861-1867 - Historia _915996 |
|
| 902 | _aGFM | ||
| 942 |
_2lcc _cB |
||
| 999 |
_c6080 _d6080 |
||